Public service accountability : (Record no. 941)
[ view plain ]
| 000 -LEADER | |
|---|---|
| fixed length control field | 01118pam a2200337 a 4500 |
| 003 - CONTROL NUMBER IDENTIFIER | |
| control field | OSt |
| 005 - DATE AND TIME OF LATEST TRANSACTION | |
| control field | 20210622101012.0 |
| 008 - FIXED-LENGTH DATA ELEMENTS--GENERAL INFORMATION | |
| fixed length control field | 880608t19891988ctua b 001 0 eng |
| 020 ## - INTERNATIONAL STANDARD BOOK NUMBER | |
| International Standard Book Number | 0931816491 |
| 020 ## - INTERNATIONAL STANDARD BOOK NUMBER | |
| International Standard Book Number | 0931816416 (pbk.) |
| 040 ## - CATALOGING SOURCE | |
| Transcribing agency | DLC |
| 050 00 - LIBRARY OF CONGRESS CALL NUMBER | |
| Classification number | JF1525 |
| Item number | .P83 1989 |
| 245 00 - TITLE STATEMENT | |
| Title | Public service accountability : |
| Remainder of title | a comparative perspective / |
| Statement of responsibility, etc. | editors, Joseph G. Jabbra, O.P. Dwivedi. |
| 260 ## - PUBLICATION, DISTRIBUTION, ETC. | |
| Place of publication, distribution, etc. | West Hartford, Conn. : |
| Name of publisher, distributor, etc. | Kumarian Press, |
| Date of publication, distribution, etc. | [1989], c1988. |
| 300 ## - PHYSICAL DESCRIPTION | |
| Extent | xiii, 273 p. : |
| Other physical details | ill. ; |
| Dimensions | 24 cm. |
| 504 ## - BIBLIOGRAPHY, ETC. NOTE | |
| Bibliography, etc. note | Includes bibliographies and index. |
| 650 #0 - SUBJECT ADDED ENTRY--TOPICAL TERM | |
| Topical term or geographic name entry element | Public administration |
| General subdivision | Moral and ethical aspects. |
| 650 #0 - SUBJECT ADDED ENTRY--TOPICAL TERM | |
| Topical term or geographic name entry element | Civil service ethics. |
| 650 #0 - SUBJECT ADDED ENTRY--TOPICAL TERM | |
| Topical term or geographic name entry element | Public officers |
| General subdivision | Professional ethics. |
| 650 #0 - SUBJECT ADDED ENTRY--TOPICAL TERM | |
| Topical term or geographic name entry element | Administrative responsibility. |
| 650 #0 - SUBJECT ADDED ENTRY--TOPICAL TERM | |
| Topical term or geographic name entry element | Government liability. |
| 650 #0 - SUBJECT ADDED ENTRY--TOPICAL TERM | |
| Topical term or geographic name entry element | Legitimacy of governments. |
| 650 #0 - SUBJECT ADDED ENTRY--TOPICAL TERM | |
| Topical term or geographic name entry element | Comparative government. |
| 700 1# - ADDED ENTRY--PERSONAL NAME | |
| Personal name | Jabbra, Joseph G. |
| 700 1# - ADDED ENTRY--PERSONAL NAME | |
| Personal name | Dwivedi, O. P. |
| 906 ## - LOCAL DATA ELEMENT F, LDF (RLIN) | |
| a | 7 |
| b | cbc |
| c | orignew |
| d | 1 |
| e | ocip |
| f | 19 |
| g | y-gencatlg |
| 942 ## - ADDED ENTRY ELEMENTS (KOHA) | |
| Source of classification or shelving scheme | |
| Koha item type | Book |
| Suppress in OPAC | DO |
| Withdrawn status | Lost status | Source of classification or shelving scheme | Damaged status | Not for loan | Permanent Location | Current Location | Shelving location | Date acquired | Total Checkouts | Full call number | Barcode | Date last seen | Copy number | Price effective from | Koha item type | Public note | Source of acquisition |
|---|---|---|---|---|---|---|---|---|---|---|---|---|---|---|---|---|---|
| AU LIBRARY | AU LIBRARY | Open Shelf | 22.06.2021 | JF1525 .P83 1989 C1 | 28001693 | 22.06.2021 | 1 | 22.06.2021 | Book | DO | |||||||
| AU LIBRARY | AU LIBRARY | Open Shelf | 22.06.2021 | JF1525 .P83 1989 C2 | 28003966 | 05.07.2021 | 2 | 22.06.2021 | Book | IO | Donation from MU | ||||||
| AU LIBRARY | AU LIBRARY | Open Shelf | 22.06.2021 | JF1525 .P83 1989 C3 | 28003964 | 05.07.2021 | 3 | 22.06.2021 | Book | IO | Donation from MU | ||||||
| AU LIBRARY | AU LIBRARY | Open Shelf | 22.06.2021 | JF1525 .P83 1989 C4 | 28003965 | 05.07.2021 | 4 | 22.06.2021 | Book | IO | Donation from MU | ||||||
| AU LIBRARY | AU LIBRARY | Open Shelf | 23.11.2021 | JF1525 P83 1989 C5 | 28004515 | 23.11.2021 | 5 | 23.11.2021 | Book | PW | DONATION FROM MOI UNIVERSITY | ||||||
| AU LIBRARY | AU LIBRARY | Open Shelf | 23.11.2021 | JF1525 .P83 1989 C6 | 28004514 | 23.11.2021 | 6 | 23.11.2021 | Book | PW | DONATION FROM MOI UNIVERSITY | ||||||
| AU LIBRARY | AU LIBRARY | Open Shelf | 25.03.2022 | JF152 .P83 1989 C7 | 28006884 | 25.03.2022 | 7 | 25.03.2022 | Book | PW | DONATION FROM MOI UNIVERSITY | ||||||
| AU LIBRARY | AU LIBRARY | Open Shelf | 29.03.2022 | JF1525 .P83 1989 C8 | 28009165 | 29.03.2022 | 8 | 29.03.2022 | Book | SM | DONATION FROM MOI UNIVERSITY |